Sports Quiz

Random Sports or Soccer Quiz
Score 0/187 Timer 20:00
0 Plays Today
% Correct
Petr Cech
96.7%
Petr Cech
96.7%
Petr Cech
96.7%
Petr Cech
96.7%
Petr Cech
96.5%
Jan Koller
93.8%
Jan Koller
93.8%
Jan Koller
93.8%
Jan Koller
93.8%
Milan Baros
92.5%
Milan Baros
92.5%
Milan Baros
92.5%
Milan Baros
92.5%
Pavel Nedved
92%
Pavel Nedved
92%
Tomas Rosicky
92%
Pavel Nedved
92%
Tomas Rosicky
92%
Tomas Rosicky
92%
Pavel Nedved
92%
Tomas Rosicky
92%
Tomas Rosicky
91%
Pavel Nedved
91%
Karel Poborsky
90.4%
Karel Poborsky
90.4%
Karel Poborsky
90.4%
Karel Poborsky
90.4%
Karel Poborsky
90.4%
Vladimir Smicer
86.8%
Vladimir Smicer
86.8%
Vladimir Smicer
86.8%
Vladimir Smicer
86.1%
Tomas Ujfalusi
84.2%
Tomas Ujfalusi
84.2%
Tomas Ujfalusi
84.2%
Marek Jankulovski
83.4%
Marek Jankulovski
83.4%
Marek Jankulovski
83.4%
Marek Jankulovski
83.4%
Zdenek Grygera
80.5%
Zdenek Grygera
80.5%
Zdenek Grygera
80.5%
Michal Kadlec
80%
Patrik Berger
80%
Patrik Berger
80%
Miroslav Kadlec
77.7%
Michal Kadlec
77.7%
Michal Kadlec
77.7%
Jaroslav Plasil
77%
Tomas Galasek
76.2%
Tomas Galasek
76.2%
Tomas Galasek
76.2%
Jaroslav Plasil
74.8%
Jaroslav Plasil
74.8%
Jaroslav Plasil
74.8%
Jaroslav Plasil
74.8%
Pavel Kuka
72.9%
Pavel Kuka
72.9%
Theodor Gebre Selassie
71.7%
Pavel Srnicek
71.2%
Pavel Srnicek
71.2%
Pavek Kuka
70.7%
Pavel Srnicek
70.1%
% Correct
Petr Kouba
69.7%
Tomas Necid
68.9%
Vratislav Lokvenc
68.3%
Vratislav Lokvenc
68.3%
Vratislav Lokvenc
68.3%
Theodor Gebre Selassie
68%
Jiri Nemec
67.2%
Jiri Nemec
67.1%
Jiri Nemec
67.1%
Vratislav Lokvenc
66.7%
Radek Bejbl
66.4%
David Rozehnal
64.7%
David Rozehnal
64.7%
David Rozehnal
64.7%
Radek Bejbl
64%
Radek Bejbl
64%
Tomas Repka
63%
Marek Heinz
62.2%
Marek Heinz
62.2%
Tomas Necid
62.2%
Radoslav Latal
60.8%
Radoslav Latal
60.8%
Jan Suchoparek
58%
Karel Rada
58%
Tomas Hübschmann
57.9%
Tomas Hübschmann
57.9%
Karel Rada
56.2%
Karel Rada
56.2%
Karel Brückner
55.8%
Karel Brückner
55.8%
Karel Brückner
55.8%
René Bolf
55.5%
Libor Sionko
55.1%
Libor Sionko
55.1%
Jan Polak
54.5%
Jan Polak
54.5%
David Limbersky
54.2%
Jaromir Blazek
51.9%
Jaromir Blazek
51.9%
Jaromir Blazek
51.9%
Jaromir Blazek
51.9%
Martin Jiranek
51.7%
Radoslav Kovac
51.7%
Martin Jiranek
51.7%
Radoslav Kovac
51.7%
Marek Suchy
50.4%
Pavel Novotny
50%
Jiri Novotny
50%
David Jarolim
50%
David Jarolim
50%
Vladimir Darida
50%
David Limbersky
49.8%
Petr Jiracek
48.6%
Tomas Vaclik
48%
David Lafata
47.8%
Tomas Sivok
47.6%
Marek Suchy
47.1%
Vladimir Darida
45.5%
Tomas Sivok
44.3%
Tomas Sivok
44.3%
David Lafata
44.2%
Michal Hornak
44.1%
Martin Frydek
43.8%
% Correct
Vaclac Pilar
43%
Jaroslav Drobny
42.6%
Pavel Horvath
42.3%
Vaclav Nemecek
42.1%
Vaclav Sverkos
41.3%
Jiri Stajner
40.4%
Milan Skoda
40.1%
Milan Fukal
40%
Michal Hornak
39.7%
Jozef Chovanec
39.4%
Roman Tyce
39.4%
Pavel Kaderabek
39%
Radek Drulak
38.9%
Roman Hubnik
38.8%
Martin Frydek
38%
Borek Dockal
37.3%
Roman Hubnik
37.2%
Tomas Koubek
37.1%
Dusan Uhrin
36.8%
Dusan Uhrin
36.6%
Milan Fukal
35.6%
Ladislav Krejci
35.3%
Michal Bilek
35.1%
Daniel Pudil
35.1%
Petr Gabriel
33.9%
Daniel Kolar
33.8%
Pavel Vrba
33.6%
Lubos Kubik
33.4%
Stepan Vachousek
33.4%
Ladislav Maier
33%
Jan Lastuvka
32.7%
Pavel Mares
32.5%
Pavel Mares
32.5%
Danial Kolar
32%
Antonin Kinsky
31.8%
Antonin Kinsky
31.8%
Petr Vlcek
31.6%
Zdenek Pospech
30.8%
David Pavelka
29.6%
Marek Matejovsky
29.5%
Horst Siegl
29.3%
Ladislav Maier
28.6%
Ladislav Maier
28.6%
Martin Fenin
28.6%
Petr Vlcek
26.5%
Stanislav Vlcek
26.5%
Jan Rezek
26.4%
Milan Petrzela
26%
Frantisek Rajtoral
25.9%
Tomas Pekhart
24.3%
Jiri Skalak
23.2%
Martin Kotulek
21.9%
Milan Kerbr
21.7%
Daniel Zitka
21.4%
Rudolf Skacel
20.4%
Josef Sural
19.3%
Edvard Lasota
19.1%
Zdenek Svoboda
16.5%
Ivo Ulich
15.9%
Lubos Kozel
15.7%
Radel Sloncik
13.3%
Come Together.
Have Fun.
All Virtual.
We all need to come together. Play Sporcle's virtual live trivia to have fun, connect with people, and get your trivia on. Join a live hosted trivia game for your favorite pub trivia experience done virtually. If a virtual private party is more your thing, go here for details.

You're not logged in!

Compare scores with friends on all Sporcle quizzes.
OR
Log In

Sporcle TV

Today on Sporcle TV


Watch our educational content, quiz creation guides, and fun videos on Sporcle TV.

Show Comments

Extras

Top Quizzes Today


Score Distribution

Paid Content

Your Account Isn't Verified!

In order to create a playlist on Sporcle, you need to verify the email address you used during registration. Go to your Sporcle Settings to finish the process.

Report this User

Report this user for behavior that violates our Community Guidelines.

Details: